Fantasy High NPCs (S1) - Statistics

General Stats
  • This quiz has been taken 24 times
  • The average score is 16 of 67
Answer Stats
Hint Answer % Correct
Player Character Adaine Abernant
93%
Player Character Fabian Seacaster
93%
Player Character Kristen Applebees
93%
Player Character Riz Gukgak
93%
Player Character Fig Faeth
86%
Player Character Gorgug Thistlespring
86%
Ep 1 Gilear Faeth
71%
Ep 1 Bill Seacaster
64%
Ep 1 Sklonda Gukgak
64%
Ep 1 Goldenhoard/Kalvaxus
57%
Ep 1 Arthur Aguefort
50%
Ep 1 Ragh Barkrock
50%
Ep 1 Sandra Lynn Faeth
43%
Ep 1 Coach Daybreak
36%
Ep 1 Pok Gukgak
36%
Ep 1 Zayn Darkshadow
36%
Ep 1 Aelwyn Abernant
29%
Ep 8 Gorthalax the Insatiable
29%
Ep 1 Hallariel Seacaster
29%
Ep 1 Johnny Spells
29%
Ep 1 Penelope Everpetal
29%
Ep 11 Penny Luckstone
29%
Ep 3 Porter Cliffbreaker
29%
Ep 3 Biz Glitterdew
21%
Ep 1 Dayne Blade
21%
Ep 1 Donna Applebees
21%
Ep 1 Doreen
21%
Ep 3 Jace Stardiamond
21%
Ep 1 Mr. Gibbons
21%
Ep 1 Angwyn Abernant
14%
Ep 1 Bricker Applebees
14%
Ep 5 Bud Cubby
14%
Ep 1 Cork Applebees
14%
Ep 1 Digby Thistlespring
14%
Ep 6 Jawbone O'Shaughnessey
14%
Ep 1 Mac Applebees
14%
Ep 1 Sam Nightingale
14%
Ep 5 Tracker O'Shaughnessey
14%
Ep 1 Wilma Thistlespring
14%
Ep 1 Arianwen Abernant
7%
Ep 5 Basrar
7%
Ep 1 Bucky Applebees
7%
Ep 8 (mini only) Crush
7%
Ep 5 DJ Brainzz
7%
Ep 7 Edgar
7%
Ep 1 Ostentatia Wallace
7%
Ep 7 Sexy Rat
7%
Ep 3 Shellford Turtleperson
7%
Ep 4 (mini only) The Hangman
7%
Ep 7 Torrek Railgrinder
7%
Ep 5 Zelda Donovan
7%
Ep 15 Angela Worrel
0%
Ep 5 Bubble Glitterdew
0%
Ep 5 Cathilda Ceíli
0%
Ep 2 (minis only) Corn Cuties
0%
Ep 2 (mini only) Corn Ooze
0%
Ep 5 Daisy Cubby
0%
Ep 9 Dr. Asha
0%
Ep 17 (Mini only) Gorbag
0%
Ep 11 Madame Silvaine
0%
Ep 3 Maugly Dimweather
0%
Ep 11 Mr. Alston Hughes
0%
Ep 9 Sand Demon
0%
Ep 6 Sasha, Lord of Whispers
0%
Ep 3 Skrank Douglas
0%
Ep 7 Sylvester
0%
Ep 8 (mini only) Vulture
0%
No matching quizzes found
Score Distribution
Percent of People with Each Score
Percentile by Number Answered
Your Score History
You have not taken this quiz